| 000 | 00824nam a2200217 i 4500 | ||
|---|---|---|---|
| 001 | bg | ||
| 245 | 0 | 0 |
_aLaboratorium z eksploatacji maszyn : _bpraca zbiorowa / _cpod red. Macieja Woropay'a ; [aut. M. Woropay et al.]. |
| 260 |
_aBydgoszcz : _bWydaw. Uczelniane AT-R, _c1994. |
||
| 300 |
_a149 s. : _brys., wykr. ; _c24 cm. |
||
| 490 | 1 | _aSkrypty / Akademia Techniczno-Rolnicza im. Jana i Jędrzeja Śniadeckich w Bydgoszczy | |
| 504 | _aBibliogr. przy rozdz. | ||
| 650 | 9 |
_aMaszyny _xobsługa i eksploatacja |
|
| 655 | _aPodręczniki akademickie | ||
| 700 | 1 |
_aWOROPAY, Maciej. _erd *ws |
|
| 830 | 0 | _aSkrypty (Akademia Techniczno-Rolnicza im. Jana i Jędrzeja Śniadeckich w Bydgoszczy) | |
| 040 | _cBPK | ||
| 041 | 0 | _apl | |
| 080 | _a62-1/-8.004(075.8) | ||
| 942 | _cKS | ||
| 008 | s pl f |000 0 pol | ||
| 999 |
_c24360 _d24360 |
||